| 000 | 02927cam a2200745 4500 | ||
|---|---|---|---|
| 999 |
_c23379 _d23379 |
||
| 001 | vtls011877575 | ||
| 005 | 20221006111435.0 | ||
| 008 | 210701s2019 xo he gr 000 faslo | ||
| 020 |
_a9788056902301 _q(viazané) |
||
| 035 | _aurn:nbn:sk:snk-am00ffm9 | ||
| 035 | _aurn:nbn:sk:snk-am3irzu | ||
| 035 | _a578E38D6-2583-4EFE-B908-0B87C5A0164A | ||
| 040 |
_aSVKPO _bslo _cSVKPO _dSNK _erda |
||
| 041 | 1 |
_aslo _hger |
|
| 044 |
_axo _cSK |
||
| 072 | 7 |
_a343.8 _xVäzenstvo _2konspekt |
|
| 072 | 7 |
_a929 _xBiografie _2konspekt |
|
| 080 |
_a343.819.5 _22011 |
||
| 080 |
_a323.12"1939/1945" _22011 |
||
| 080 |
_a323.28:329.17 _22011 |
||
| 080 |
_a94(100)"1939/1945" _22011 |
||
| 080 |
_a(=411.16) _22011 |
||
| 080 |
_a(438) _22011 |
||
| 080 |
_a(437.6) _22011 |
||
| 080 |
_a(0:82-94) _22011 |
||
| 100 | 1 |
_aMüller, Filip, _d1922-2013 _4aut _93559 |
|
| 240 | 1 | 0 |
_aSonderbehandlung Drei Jahre in den Krematorien und Gaskommern von Auschwitz _lSlovensky |
| 245 | 1 | 0 |
_aSonderbehandlung, alebo, Zvláštne zaobchádzanie _btri roky v osvienčimských krematóriách a plynových komorách _cFilip Müller ; z nemeckého originálu Sonderbehandlung, Drei Jahre in den Krematorien und Gaskammern von Auschwitz ... preložila Marta Ličková |
| 246 | 3 | 0 | _aZvláštne zaobchádzanie |
| 246 | 3 | 0 | _aTri roky v osvienčimských krematóriách a plynových komorách |
| 250 | _a1. vydanie | ||
| 264 | 1 |
_aBratislava _bMarenčin PT _c2019 |
|
| 300 |
_a244 strán _bfaksimile, plány _c21 cm |
||
| 336 |
_atext _btxt _2rdacontent |
||
| 337 |
_abez média _bn _2rdamedia |
||
| 338 |
_azväzok _bnc _2rdacarrier |
||
| 500 | _aObsahuje biografické údaje o autorovi na záložke prebalu publikácie | ||
| 600 | 1 | 7 |
_aMüller, Filip, _d1922-2013 _2SNKMA _93559 |
| 610 | 2 | 7 |
_aOsvienčim (koncentračný tábor) _2SNKKA _92168 |
| 610 | 2 | 7 |
_aSonderkommando _2SNKKA _93560 |
| 610 | 2 | 7 |
_aBrezinka (koncentračný tábor) _2SNKKA _93561 |
| 648 | 7 |
_a1939-1945 _2SNKPH _92019 |
|
| 650 | 0 | 7 |
_akoncentračné tábory _2SNKPH _91734 |
| 650 | 0 | 7 |
_aholokaust (1939-1945) _2SNKPH _91733 |
| 650 | 0 | 7 |
_anacistické zločiny _2SNKPH _92558 |
| 650 | 0 | 7 |
_adruhá svetová vojna (1939-1945) _2SNKPH _91735 |
| 650 | 0 | 7 |
_aŽidia _2SNKPH _91732 |
| 650 | 0 | 7 |
_aConcentration camps _2SNKPHeng _91739 |
| 650 | 0 | 7 |
_aHolocaust, 1939-1945 _2SNKPHeng _91738 |
| 650 | 0 | 7 |
_aCrimes of nazism _2SNKPHeng _92559 |
| 650 | 0 | 7 |
_aWorld War (1939-1945) _2SNKPHeng _91740 |
| 650 | 0 | 7 |
_aJews _2SNKPHeng _91737 |
| 651 | 7 |
_aPoľsko _2SNKPHgeo _91754 |
|
| 651 | 7 |
_aPoland _2SNKPH _91755 |
|
| 651 | 7 |
_aSlovensko _2SNKPHgeo _91613 |
|
| 651 | 7 |
_aSlovakia _2SNKPHeng _91614 |
|
| 655 | 7 |
_aautobiografické spomienky _2SNKPH _92024 |
|
| 655 | 7 |
_aAutobiographical reminiscences _2SNKPHeng _92025 |
|
| 700 | 1 |
_aKilian, Andreas, _d1974- _4aft _93562 |
|
| 700 | 1 |
_aLičková, Marta, _d1926- _4trl _93563 |
|
| 700 | 1 |
_aBlehová, Marta _4trl _93564 |
|
| 958 | _aOND | ||
| 958 | _aLX | ||
| 958 | _aUP | ||